Die ungarischen Runen

Elmentve itt :
Bibliográfiai részletek
Szerző: Sebestyén Gyula
Dokumentumtípus: Cikk
Megjelent: Gutenberg-Gesellschaft Mainz 1943
Sorozat:Gutenberg-Jahrbuch
Kulcsszavak:Rovásírás - magyar
Tárgyszavak:
Online Access:http://misc.bibl.u-szeged.hu/64666
LEADER 00738nab a2200229 i 4500
001 misc64666
005 20240919155434.0
008 230726s1943 hu o 000 ger d
040 |a SZTE Miscellanea Repozitórium  |b hun 
041 |a ger 
100 1 |a Sebestyén Gyula 
245 1 4 |a Die ungarischen Runen  |h [elektronikus dokumentum] /  |c  Sebestyén Gyula 
260 |a Gutenberg-Gesellschaft  |b Mainz  |c 1943 
300 |a 22-36  |c 30 cm 
300 |a [15] p.  |c 30 cm 
490 0 |a Gutenberg-Jahrbuch 
561 |a Németh Gyula hagyaték 
591 |a NOA 5417 
650 4 |a Bölcsészettudományok 
650 4 |a Nyelvek és irodalom 
695 |a Rovásírás - magyar 
856 4 0 |u http://misc.bibl.u-szeged.hu/64666/1/5417_noa.pdf  |z Dokumentum-elérés